| 000 | 00414nam a2200181Ia 4500 | ||
|---|---|---|---|
| 008 | 210210b1965 xxu||||| |||| 00| 0 eng d | ||
| 041 | _aeng | ||
| 082 | _a829/485 | ||
| 100 | _aGREE (M) | ||
| 245 | _aWonder tales from Greece | ||
| 260 |
_aLondon _bMacmillan & Co. Ltd. _c1965 |
||
| 650 | _aWonder | ||
| 650 | _atales | ||
| 650 | _aGreece | ||
| 650 | _afrom | ||
| 690 | _aEnglish Fiction | ||
| 906 | _a017087 | ||
| 999 |
_c137045 _d137045 |
||